Statistics for Countries that invaded Russia

Click here to take the quiz!

General Stats

  • This quiz has been taken 24 times
  • The average score is 6 of 10

Answer Stats

YearOutcomeAnswer% Correct
1941FailureGermany
100%
1812FailureFrance
92%
13th centurySuccessMongol Empire
79%
1938FailureJapan
71%
1853SuccessOttoman Empire, France, British Empire, Kingdom of Sardinia
67%
1708FailureSweden
63%
1605FailurePoland
54%
4th century B.C.FailurePersian Empire
42%
1652FailureChina
33%
14th centuryFailureLithuania
13%

Score Distribution

Percentile by Number Answered

Percent of People with Each Score

Your Score History

You have not taken this quiz